|
|
|
|
| LEADER |
01341nam a2200265 i 4500 |
| 003 |
GR-PaULI |
| 005 |
20220304105021.0 |
| 008 |
170828s19971987U a|||g |||| 00| 0 eng d |
| 952 |
|
|
|0 0
|1 0
|2 ddc
|4 0
|6 973_000000000000000__048_900_922_PAP
|7 0
|9 214620
|a LISP
|b LISP
|c DON
|d 2017-08-28
|e ΒΑΛ
|i 127551
|l 0
|o 973. 048 900 922 PAP
|p 025000245364
|r 2017-08-28 00:00:00
|t 1
|v 2017.00
|w 2017-08-28
|y BK15
|
| 999 |
|
|
|c 130427
|d 130427
|
| 020 |
|
|
|a 080328747X
|
| 040 |
|
|
|a GR-PaULI
|b gre
|c GR-PaULI
|e AACR2
|
| 082 |
0 |
4 |
|2 23
|a 973. 048 900 922
|
| 100 |
1 |
|
|9 145442
|a Papanikolas, Helen Zeese,
|d 1917-2004
|e συγγραφέας
|
| 245 |
1 |
2 |
|a A greek odyssey in the american west /
|c Helen Papanikolas.
|
| 260 |
|
|
|a Lincoln ;
|a London :
|b University of Nebraska Press,
|c 1997, c1987.
|
| 300 |
|
|
|a 327 σ. :
|b εικ. ;
|c 23 εκ.
|
| 500 |
|
|
|a "Bison books".
|
| 500 |
|
|
|a "Originally published in 1987 as Emily-George by the University of Utah Press, Salt Lake City, in the Utah centennial series"--T.p. verso.
|
| 504 |
|
|
|a Περιλαμβάνει βιβλιογραφία.
|
| 600 |
1 |
4 |
|9 145443
|a Ζήσης, Γεώργιος,
|d 1886-
|x Οικογένεια.
|
| 600 |
1 |
4 |
|9 163783
|a Papanikolas, Helen,
|d 1917-2004,
|x Οικογένεια.
|
| 650 |
|
4 |
|9 145444
|a Ελληνοαμερικανοί
|x Βιογραφία.
|
| 942 |
|
|
|2 ddc
|c BK15
|
| 998 |
|
|
|c ΛΟΤΣΑΡΗ
|d 1917-08
|